| 000 | 00740nam a2200229Ia 4500 | ||
|---|---|---|---|
| 001 | 8923 | ||
| 003 | GE_BSU | ||
| 008 | 181216s||||||||xx |||||||||||||| ||und|| | ||
| 040 | _cGE_BSU | ||
| 080 | _a821.353.1–1 | ||
| 100 | _aკაჭახიძე,გიორგი | ||
| 245 | _aსიმღერა გრძელდება | ||
| 245 | _bლექსები | ||
| 245 | _cრედ. გ.ხუხაშვილი. მხატვ. გ. გორდელაძე | ||
| 260 | _aთბილისი | ||
| 260 | _bსახელგამი | ||
| 260 | _c1953 | ||
| 300 | _a151გვ.ილ.17სმ. | ||
| 653 | _aლექსები | ||
| 653 | _aსიმღერა გრძელდება | ||
| 942 | _cBK | ||
| 999 |
_c42228 _d42228 |
||